01615cam a2200205 a 4500999001500000020002500015020002200040020003900062020003600101050002500137100001900162245007300181260007100254300003900325505087500364650002101239700002301260942000701283952011901290 c2976d2976 a9780538736787 (hbk.) a053873678X (hbk.) a9780538469081 (Loose Leaf Edition) a0538469080 (Loose Leaf Edition)00aHF5686.C8bH238 20111 aHansen, Don R.10aCornerstones of cost accounting /cDon R. Hansen, Maryanne M. Mowen. aAustralia ;aMason, OH :bSouth-Western, Cengage Learning,cc2011. axv, 1036 p. :bcol. ill. ;c29 cm.0 aIntroduction to cost management -- Basic cost managemnet concepts -- Cost behavior -- Activity-based costing -- Product and service costing:job-order system -- Process costing -- Allocating costs of support departments and joint products -- Budgeting for planning and control -- Standard costing: a functional-based control approach -- Decentralization, responsibility accounting, performance evaluation, and transfer pricing -- Strategic cost management -- -- Activity-based management -- The balanced scorecard: strategic-based control -- Quality and environmental cost management -- Lean accounting and productivity measurement -- Cost-volume-profit analysis -- Activity resource usage model and tactical decision making -- Pricing and profitability analysis -- Capital investment -- Inventory management: economic order quantity, JIT, and the theory of constraints. 0aCost accounting.1 aMowen, Maryanne M. cBK 001040708REFaMUCGMbMUCGMcGENd2013-01-01l0oHF5686.C8 H238 2011p36699r2018-02-28 00:00:00w2018-02-28yBK